Figuring things out a trainer's guide to needs and task analysis.

Although this book is old (1982) it records processes to training needs and task analysis studies in organisations. The initial chapters approach performance problem analysis and look at the underlying philosophy of the book's authors that has led them to choose and use the tactics and techniqu...

Descripción completa

Guardado en:
Detalles Bibliográficos
Autor principal: Zemke , Ron
Otros Autores: Thomas kramlinger
Formato: Libro
Publicado: Menlo park: Addison -wesley publishing company, inc, c1982.
Materias:
Etiquetas: Agregar Etiqueta
Sin Etiquetas, Sea el primero en etiquetar este registro!

MARC

LEADER 00000nam a2200000 4500
005 20251006142706.0
020 |a 0201090988  |c TZS 75,000 /= 
040 |a MCCL.  |b eng.  |e AACR 2nd rev.ed. 
082 |a 658.312404 ZEM. 
100 |a Zemke , Ron. 
245 |a Figuring things out a trainer's guide to needs and task analysis.  |c / Ron Zemke. 
260 |a Menlo park:  |b Addison -wesley publishing company, inc,  |c c1982. 
300 |a xii, 570 p. :  |c 23 cm.  |b ill. ; 
504 |a Includes index 
520 |a Although this book is old (1982) it records processes to training needs and task analysis studies in organisations. The initial chapters approach performance problem analysis and look at the underlying philosophy of the book's authors that has led them to choose and use the tactics and techniques presented in this book. It doesn't specifically address workplace literacy training needs analysis but does record underlying premises used in such analysis. 
546 |a eng. 
650 |a Financial Manager 
700 |a Thomas kramlinger 
942 |c BK 
999 |c 12118  |d 12118